000 00230nam a2200097 a 4500
005 20201002052514.0
008 150526s2004 000 spa d
245 0 _aQuĂ­tate la venda.
260 _a[s.l.],
_c[s.f.].
999 _c45378
_d45378
040 _aDO-SdBNP